00423 2200181 4500001002100000005001500021008004100036020001800077035001900095041000700114082000800121090001400129100002100143245001400164260002500178300002400203650001400227INLIS00000000000265520241224112558241224||||||||| | ||| |||| || |  a979-33-0702-1 0010-1224002655 aid0 a796 a796 LLE o0 aClaire Llewellyn00aOlah Raga aSolobTiga Serangkai a24 hlm;21 x 26.5 cm 0aOlah Raga